|
|
|
|
| LEADER |
01380nab#a2200361#ar4500 |
| 001 |
000081521 |
| 003 |
SVKKK |
| 005 |
20061122103900.0 |
| 008 |
030616c2006 xo e sloo |
| FMT |
|
|
|
| 038 |
|
|
|a SVKKK
|
| 040 |
|
|
|a SVKKK
|b slo
|e AACR2
|
| 041 |
0 |
|
|a slo
|a rom
|
| 044 |
|
|
|a xo
|c SK
|
| 080 |
|
|
|a 328.13
|2 1997
|
| 080 |
|
|
|a 929 Biró, Á.
|2 1997
|
| 100 |
1 |
|
|a Havrľová, Denisa,
|d 1971-
|4 aut
|
| 245 |
1 |
0 |
|a Na systéme rozdeľovania finančných prostriedkov národnostným menšinám by zmenila všetko! :
|b rozhovor so štátnou tajomníčkou Ministerstva kultúry SR PaedDr. Ágnes Biró = Pro sistemos saveha pes le minoritenge ulaven o love opre kerlas savoro! = vakeriben la themutňa sekretarkaha andal e Ministerija pal e kultura SR PaedDr. Ágnes Biró
|c Denisa Havrľová ; Jozef Ferenc, Roman Čonka, František Godla
|
| 300 |
|
|
|b Fotogr.
|
| 600 |
1 |
4 |
|a Biró, Ágnes,
|d ?-,
|x štátna tajomníčka Ministerstva kultúry SR
|z Bratislava (Slovensko)
|
| 650 |
0 |
4 |
|a ocenenia
|x Rómska ruža 2006
|z Šurany (Slovensko)
|x rozhovory
|
| 700 |
1 |
|
|a Biró, Ágnes
|4 aut
|4 ive
|
| 700 |
1 |
|
|a Ferenc, Jozef
|4 pht
|
| 700 |
1 |
|
|a Godla, František
|4 trl
|
| 700 |
1 |
|
|a Čonka, Roman
|4 pht
|
| 773 |
0 |
|
|t Romano nevo ľil
|g Roč. 16, č. 742-746 (2006), s. 4
|
| 958 |
|
|
|a RQ
|
| 974 |
|
|
|a Fav
|
| 992 |
|
|
|a RBX
|
| BAS |
|
|
|
| 852 |
|
|
|a SVKKK
|b BIB
|
| EXP |
|
|
|
| 998 |
|
|
|a ROM
|